'B' Movies by Poster Quiz Stats

 Plays Quiz Updated Jan 11, 2015

Challenge
Share
Tweet
Score 0/20 Timer 05:00
2 Plays Today
% Correct
Bambi
99.2%
Braveheart
95.2%
Babe
94.7%
Back to the Future
91%
Borat: Cultural Learnings of America...
90.6%
Beauty and the Beast
90.6%
The Breakfast Club
85.9%
Bean
79.8%
Blood Diamond
79.6%
The Birds
78.7%
% Correct
Black Swan
78.3%
The Big Lebowski
71.2%
Bad Boys
66.2%
Batman Forever
56.2%
Basic Instinct
54%
Black Hawk Down
50.1%
The Blair Witch Project
49%
The Bourne Ultimatum
36.3%
The Blob
27.7%
The Butterfly Effect
23.9%

You're not logged in!

Compare scores with friends on all Sporcle quizzes.
OR
Log In

You Might Also Like...

Show Comments

Extras

Top Quizzes Today


Score Distribution

Your Account Isn't Verified!

In order to create a playlist on Sporcle, you need to verify the email address you used during registration. Go to your Sporcle Settings to finish the process.

Report this User

Report this user for behavior that violates our Community Guidelines.

Details: